000 00539nam a2200217Ia 4500
003 OSt
005 20220928144733.0
006 a|||||r|||| 00| 0
007 ta
008 220927b |||||||| |||| 00| 0 eng d
024 _a73415
037 _cTextual
040 _aSDCL
_cSDCL
_beng
041 _2eng
_aeng
082 _aR6,3, K8
100 _aDatta Bhagavad
_9509334
245 0 _aStory of creation as seen by the seers.
260 _c1968
942 _hR6,3, K8
_cTEXL
_2CC
999 _c829316
_d829316